000 00689nam a2200241Ia 4500
003 OSt
005 20221007071726.0
006 a|||||r|||| 00| 0
007 ta
008 221006b |||||||| |||| 00| 0 eng d
024 _a17,871
037 _cTextual
040 _aFLL
_cFLL
_beng
041 _2eng
_aeng
082 _aY1:45:7:7.1.N7, M3.1
100 _aJohnson E.H. Ed.
_9689289
245 0 _aInternational handbook of contemporary developments in criminology
260 _aLondon
_bGreenwood press England
_c1983
300 _a319p
_ccm.
490 _vVol.1
942 _hY1:45:7:7.1.N7, M3.1
_cTEXL
_2CC
999 _c1144074
_d1144074